| 000 | 00386nam a2200157Ia 4500 | ||
|---|---|---|---|
| 008 | 200103s9999||||xx |||||||||||||| ||und|| | ||
| 020 | _a0521215579, | ||
| 040 | _aIMU-MPC | ||
| 082 | _aColumn-56 | ||
| 100 | _aDavies, A. C. | ||
| 245 | 4 | _aThe Science and Practice of Welding | |
| 250 | _a7th Ed. | ||
| 260 |
_bCambridge University Press _c1977 |
||
| 300 | _axiii, 713 | ||
| 942 | _cBK | ||
| 999 |
_c10539 _d10539 |
||